01428cam a2200289 a 45000010005000000030006000050050017000110080041000280100017000690200036000860200025001220400023001470500015001700820011001851000027001962450106002232600044003293000048003734900030004215000056004515050007005075200527005145210019010415210018010606500026010787000034011044302FISKH20250829144755.0080724s2009 mnua c 000 1 eng  a 2008032476 a9781434211606 (library binding) a9781434213730 (pbk.) aDLCcDLCdDLCbeng00aPZ7.P87758 a813.6 1 aPowell, Martin,d1959-14aThe stolen superpowers /cwritten by Martin Powell ; illustrated by Rick Burchett and Lee Loughridge. aMinneapolis :bStone Arch Books,c2009. a48 pages : bcolor illustrations ; c19 cm 0 aDC super heroes. Superman a"Superman created by Jerry Siegel and Joe Shuster." aQ  aSuperman has his hands full. First, he encounters his cousin, Super girl, a reckless teenager with powers like his own. Then he confronts a creature known as Parasite, who can absorb Superman's strength and super-speed just by touching him. Superman knows enough to not shake hands with the deadly fiend, but Super girl is still learning the ropes. Filled with her power, the Parasite now battles the Man of Steel in a fight that rocks the planet. How can Superman defeat a villain who gets more powerful with each punch?  a660 bLexile  aQ bRaz-Plus  1aSuperheroesvFiction.1 aBurchett, Rick,eillustrator